Development as freedom / (Record no. 17997)
[ view plain ]
| 000 -LEADER | |
|---|---|
| fixed length control field | 00885 am a2200277ua 4500 |
| 001 - CONTROL NUMBER | |
| control field | 011943697 |
| 005 - DATE AND TIME OF LATEST TRANSACTION | |
| control field | 20140130114434.0 |
| 008 - FIXED-LENGTH DATA ELEMENTS--GENERAL INFORMATION | |
| fixed length control field | 010212s2001 xxkd frb f001 0 eng d |
| 020 ## - INTERNATIONAL STANDARD BOOK NUMBER | |
| International Standard Book Number | 0192893300 (pbk) |
| 020 ## - INTERNATIONAL STANDARD BOOK NUMBER | |
| International Standard Book Number | 9780192893307 |
| 040 ## - CATALOGING SOURCE | |
| Original cataloging agency | IeDuTC |
| Modifying agency | Uk |
| 082 04 - DEWEY DECIMAL CLASSIFICATION NUMBER | |
| Classification number | 330.122 |
| Edition number | 22 |
| Item number | SEN |
| 100 1# - MAIN ENTRY--PERSONAL NAME | |
| Personal name | Sen, Amartya, |
| Dates associated with a name | 1933- |
| 9 (RLIN) | 34993 |
| 245 10 - TITLE STATEMENT | |
| Title | Development as freedom / |
| Statement of responsibility, etc | Amartya Sen. |
| 260 ## - PUBLICATION, DISTRIBUTION, ETC. (IMPRINT) | |
| Place of publication, distribution, etc | Oxford, United Kingdom : |
| Name of publisher, distributor, etc | Oxford University Press, |
| Date of publication, distribution, etc | 2001. |
| 300 ## - PHYSICAL DESCRIPTION | |
| Extent | xvi, 366 p. : |
| Dimensions | chart ; |
| Other physical details | 20 cm. |
| 500 ## - GENERAL NOTE | |
| General note | Index : p. 353-366. |
| 504 ## - BIBLIOGRAPHY, ETC. NOTE | |
| Bibliography, etc | Includes bibliographical references. |
| 650 #0 - SUBJECT ADDED ENTRY--TOPICAL TERM | |
| Topical term or geographic name as entry element | Free enterprise |
| 9 (RLIN) | 3904 |
| 650 #0 - SUBJECT ADDED ENTRY--TOPICAL TERM | |
| Topical term or geographic name as entry element | Liberty |
| 9 (RLIN) | 9623 |
| 650 #0 - SUBJECT ADDED ENTRY--TOPICAL TERM | |
| Topical term or geographic name as entry element | Economic development |
| General subdivision | Social aspects |
| 9 (RLIN) | 13453 |
| 651 #0 - SUBJECT ADDED ENTRY--GEOGRAPHIC NAME | |
| Geographic name | Developing countries |
| General subdivision | Economic conditions |
| 9 (RLIN) | 3692 |
| 653 ## - INDEX TERM--UNCONTROLLED | |
| Resource For college | |
| Arrived date list | January2014 |
| 655 ## - INDEX TERM--GENRE/FORM | |
| Form subdivision | |
| -- | 34232 |
| 942 ## - ADDED ENTRY ELEMENTS (KOHA) | |
| Source of classification or shelving scheme | Dewey Decimal Classification |
| Call number prefix | 330.122 SEN |
| Withdrawn status | Item status | Source of classification or shelving scheme | Damaged status | Not for loan | Vendor | Home library | Current library | Shelving location | Date acquired | Source of acquisition | Total Checkouts | Total Renewals | Full call number | Barcode | Date last seen | Date last borrowed | Koha item type |
|---|---|---|---|---|---|---|---|---|---|---|---|---|---|---|---|---|---|
| Dewey Decimal Classification | Baccah | Central Library | Central Library | First floor | 30/01/2014 | 2 | 22 | 330.122 SEN | 000035544 | 15/07/2025 | 27/02/2018 | Book - Borrowing |